|
|
|
|
| LEADER |
01177nam a2200241 a 4500 |
| 001 |
GR-MES12371 |
| 008 |
070604s gr 000 0 gre d |
| 020 |
|
|
|a 9602868694
|
| 040 |
|
|
|a GrPaTEI
|b gre
|c GR-PaULI
|
| 040 |
|
|
|a GrPaTEI
|b gre
|c GR-PaULI
|
| 100 |
0 |
|
|a Κυριάζογλου Ιωάννης
|
| 245 |
1 |
0 |
|a Μέτρηση απόδοσης για επιχειρήσεις και οργανισμούς :
|b Performance measurement /
|c Ιωάννης Κυριαζόγλου ; Δέσποινα Πολίτου.
|
| 260 |
|
|
|a Αθήνα :
|b 'Ελλην,
|c 2005
|
| 300 |
|
|
|a 485σ. ;
|c 24εκ.
|
| 504 |
|
|
|a περιέχει βιβλιογραφία : σελ (454-446)
|
| 650 |
|
4 |
|a Απόδοση
|x Μέτρηση
|
| 650 |
|
4 |
|a Οργανωσιακή αποτελεσματικότητα
|x μέτρηση
|
| 650 |
|
4 |
|a Πρότυπα απόδοσης
|
| 700 |
0 |
|
|a Πολίτου Δέσποινα
|
| 942 |
|
|
|2 ddc
|
| 952 |
|
|
|0 0
|1 0
|2 ddc
|4 0
|6 352_357000000000000_ΚΥΡ
|7 0
|9 271080
|a MSLG
|b MSLG
|c BSC
|d 2021-01-17
|e 24
|f 0
|g 0.00
|l 0
|o 352.357 ΚΥΡ
|p 2420000021830
|r 2021-01-17 00:00:00
|t 1
|w 2021-01-17
|y BK15
|x 20070604 0 1
|x GrPaTEI
|
| 971 |
|
|
|a .b25784183
|b 16-04-20
|c 13-09-16
|
| 999 |
|
|
|c 156519
|d 156519
|